| 000 | 00427nmm a2200145Ia 4500 | ||
|---|---|---|---|
| 008 | 251105s9999||||xx |||||||||||||||||und|| | ||
| 041 | _aspa | ||
| 100 | _aUssía, Alfonso | ||
| 245 | 0 | _aEl gato negro y la pildorita azul: Sotoancho X | |
| 264 |
_a[Madrid, España] : _bEdiciones B, _c2014 |
||
| 300 | _a216 páginas | ||
| 650 | _aSpanish narrative | ||
| 856 | _uhttps://public.digitaliapublishing.com/a/53556 | ||
| 942 | _cCF | ||
| 999 |
_c104976 _d104976 |
||